00381nam a2200121Ia 4500008004100000020002200041041000800063082002500071100002600096245007700122260005100199300000900250230411s9999 xx 000 0 und d a978-81-239-1646-0 aeng aA/611/KHU/ARU/B05789 aKhurana Indu & Arushi aTextbook of Anatomy and Physiology for Nurses and Allied Health Sciences bCBS Publishers & DistributorsaNew Delhic2009 a512p